000 00406nam a2200181Ia 4500
005 20250603144650.0
008 250603s9999 xx 000 0 und d
020 _a9781119790464
050 _aQA 765. C66. 85/
100 _aCoombs Ted
245 0 _aCloud Security For Dummies
260 _aCanada
260 _bJohn Wiley
260 _c2022
300 _a530 p
650 _aCanada
942 _cBK
999 _c39590
_d39590